[Event "Int. Championship of Central Serbia - O"]
[Site "Paracin"]
[Date "2011.07.08"]
[Round "1.2"]
[White "Miladinovic, Igor"]
[Black "Livaja, Mario"]
[Result "1-0"]
[WhiteElo "2566"]
[BlackElo "2267"]
[PlyCount "57"]
[EventDate "2011.??.??"]

1. d4 c5 2. d5 d6 3. e4 g6 4. Nc3 Bg7 5. Bb5+ Bd7 6. a4 Na6 7. Nf3 Nf6 8. Be2
O-O 9. Nd2 Nb4 10. O-O e6 11. Nc4 exd5 12. exd5 Bf5 13. Ne3 Re8 14. Nxf5 gxf5
15. Bb5 Re7 16. Bg5 a6 17. Bc4 Qd7 18. a5 Re5 19. Bxf6 Bxf6 20. Na4 Rae8 21.
Nb6 Qd8 22. c3 Re4 23. cxb4 Bxb2 24. Rb1 Bc3 25. Qf3 cxb4 26. Bd3 R4e5 27. Nc4
R5e7 28. Ne3 Qxa5 29. Nxf5 1-0

[Event "Int. Championship of Central Serbia - O"]
[Site "Paracin"]
[Date "2011.07.08"]
[Round "1.4"]
[White "Ulibin, Mikhail"]
[Black "Cvetanovic, Uros"]
[Result "1-0"]
[WhiteElo "2538"]
[BlackElo "2232"]
[PlyCount "41"]
[EventDate "2011.??.??"]

1. e4 c5 2. Nf3 e6 3. c3 Nf6 4. e5 Nd5 5. d4 cxd4 6. cxd4 d6 7. a3 Nc6 8. Bd3
Qa5+ 9. Bd2 Qb6 10. Nc3 Nxc3 11. Bxc3 d5 12. h4 Bd7 13. Ng5 Nxd4 14. Nxf7 Kxf7
15. Bxd4 Bc5 16. Bxc5 Qxc5 17. Rh3 d4 18. Qh5+ Kg8 19. Rg3 h6 20. Kf1 Rf8 21.
Rxg7+ 1-0

[Event "Int. Championship of Central Serbia - O"]
[Site "Paracin"]
[Date "2011.07.08"]
[Round "1.5"]
[White "Radosavljevic, Slobodan D"]
[Black "Pikula, Dejan"]
[Result "0-1"]
[WhiteElo "2223"]
[BlackElo "2532"]
[PlyCount "104"]
[EventDate "2011.??.??"]

1. c4 e5 2. g3 Nf6 3. Bg2 Nc6 4. Nf3 Bc5 5. O-O d6 6. Nc3 a6 7. a3 O-O 8. b4
Ba7 9. Bb2 h6 10. d3 Bg4 11. h3 Be6 12. Rc1 Qd7 13. Kh2 Nh7 14. Nd5 f5 15. e3
Nd8 16. d4 e4 17. Nd2 Bf7 18. Nc3 c6 19. d5 Nf6 20. Nb3 Bh5 21. Qd2 Nf7 22.
dxc6 bxc6 23. Ne2 Ng5 24. Nf4 Bf3 25. Qc2 Bxg2 26. Kxg2 Nf3 27. Ng6 Rf7 28.
Rfd1 Qe6 29. Nf4 Qe7 30. Ng6 Qc7 31. Nd4 Bxd4 32. Bxd4 Kh7 33. Nf4 g5 34. Ne2
Nh5 35. Ng1 Nxg1 36. Kxg1 Re8 37. b5 c5 38. Bc3 f4 39. exf4 gxf4 40. Rd5 fxg3
41. Rxh5 Rxf2 42. Bd2 Re6 43. Rxh6+ Rxh6 44. Qxe4+ Rg6 45. b6 Qf7 46. Be3 Rf3
47. Rb1 g2 48. Qh4+ Kg7 49. Bf2 Qb7 50. a4 a5 51. Rb2 Rf7 52. Qd8 Qc7 0-1

[Event "Int. Championship of Central Serbia - O"]
[Site "Paracin"]
[Date "2011.07.08"]
[Round "1.6"]
[White "Savic, Miodrag R"]
[Black "Jovanovic, Bojan P"]
[Result "1-0"]
[WhiteElo "2520"]
[BlackElo "2222"]
[PlyCount "55"]
[EventDate "2011.??.??"]

1. e4 e6 2. d4 d5 3. e5 c5 4. c3 Bd7 5. Nf3 Qb6 6. Be2 cxd4 7. cxd4 Bb5 8. Nc3
Bxe2 9. Nxe2 Ne7 10. O-O Nbc6 11. b3 Rc8 12. Be3 Nf5 13. Nf4 Ba3 14. g4 Nxe3
15. fxe3 Nb4 16. Rf2 Rc3 17. Ng5 Rxe3 18. Qd2 Re4 19. Nxe4 dxe4 20. Re1 Nc6 21.
Rxe4 O-O 22. Nh5 Be7 23. Nf6+ gxf6 24. exf6 Bxf6 25. Rxf6 e5 26. Qg5+ Kh8 27.
Qh6 Qd8 28. d5 1-0

[Event "Int. Championship of Central Serbia - O"]
[Site "Paracin"]
[Date "2011.07.08"]
[Round "1.7"]
[White "Kragelj, Igor"]
[Black "Blagojevic, Dragisa"]
[Result "0-1"]
[WhiteElo "2221"]
[BlackElo "2516"]
[PlyCount "56"]
[EventDate "2011.??.??"]

1. d4 Nf6 2. c4 e6 3. Nf3 d5 4. Nc3 Nbd7 5. Bg5 c6 6. e3 Qa5 7. Nd2 dxc4 8.
Bxf6 Nxf6 9. Nxc4 Qc7 10. Be2 Be7 11. a3 O-O 12. b4 Rd8 13. Qb3 Bd7 14. O-O Be8
15. Rac1 a6 16. Rfd1 Nd5 17. Bf3 Rac8 18. Ne4 b6 19. Ne5 Qa7 20. Qb2 a5 21. Nd3
Ra8 22. Ra1 Bf8 23. g3 Qe7 24. bxa5 Rxa5 25. a4 Rda8 26. Nc3 Qa7 27. Nxd5 cxd5
28. Rab1 Bxa4 0-1

[Event "Int. Championship of Central Serbia - OP"]
[Site "Paracin"]
[Date "2011.07.08"]
[Round "1.9"]
[White "Steiner, Bruno"]
[Black "Pavlov, Sergey"]
[Result "0-1"]
[WhiteElo "2207"]
[BlackElo "2505"]
[PlyCount "52"]
[EventDate "2011.07.08"]

1. c4 e6 2. g3 d5 3. Bg2 Nf6 4. Nf3 dxc4 5. Na3 Bxa3 6. bxa3 c6 7. Qc2 b5 8. a4
Bb7 9. Ba3 Nbd7 10. O-O a5 11. axb5 cxb5 12. Nd4 Ba6 13. Bxa8 Qxa8 14. Bb2 O-O
15. d3 cxd3 16. Qxd3 Ne5 17. Qb3 a4 18. Qd1 Nc4 19. Rb1 Rd8 20. Qc1 Qe4 21. Ba1
e5 22. f3 Qb7 23. Nxb5 Bxb5 24. Qxc4 Qa7+ 25. Bd4 Rxd4 26. Qc5 Qxc5 0-1

[Event "Int. Championship of Central Serbia - OP"]
[Site "Paracin"]
[Date "2011.07.08"]
[Round "1.10"]
[White "Smith, Bryan G"]
[Black "Markovic, Sasa"]
[Result "1-0"]
[WhiteElo "2503"]
[BlackElo "2198"]
[PlyCount "85"]
[EventDate "2011.07.08"]

1. e4 c5 2. Nf3 Nc6 3. d4 cxd4 4. Nxd4 Nf6 5. Nc3 d6 6. Bg5 Bd7 7. Qd2 h6 8.
Bxf6 gxf6 9. Nf5 Bxf5 10. exf5 Qa5 11. Bd3 h5 12. O-O Bh6 13. Qe2 O-O-O 14.
Rad1 Bf4 15. Be4 Be5 16. Bxc6 bxc6 17. Qc4 Qc7 18. f4 Bxc3 19. bxc3 d5 20. Qa4
Kb8 21. Rb1+ Ka8 22. Rb3 Rb8 23. Rfb1 Rxb3 24. axb3 e5 25. fxe6 fxe6 26. c4 Rc8
27. Ra1 Qb6+ 28. Kh1 Rc7 29. cxd5 cxd5 30. f5 e5 31. Qe8+ Kb7 32. Qxh5 Rxc2 33.
Qf7+ Qc7 34. Qxd5+ Qc6 35. Qxc6+ Rxc6 36. h4 Rc7 37. Kh2 Rd7 38. Rc1 Kb6 39. g4
Kb5 40. Rf1 Kc5 41. g5 fxg5 42. hxg5 Rg7 43. f6 1-0

[Event "Int. Championship of Central Serbia - OP"]
[Site "Paracin"]
[Date "2011.07.08"]
[Round "1.11"]
[White "Wilke, Werner"]
[Black "Miljkovic, Miroslav D"]
[Result "0-1"]
[WhiteElo "2198"]
[BlackElo "2495"]
[PlyCount "166"]
[EventDate "2011.07.08"]

1. e4 c5 2. Nf3 Nc6 3. c3 d5 4. exd5 Qxd5 5. d4 e6 6. a3 Nf6 7. Bd3 cxd4 8.
cxd4 Be7 9. O-O O-O 10. Nc3 Qh5 11. b4 Rd8 12. b5 Na5 13. Ne2 Qd5 14. Bd2 b6
15. Nf4 Qd6 16. Bb4 Qxf4 17. Bxe7 Rd7 18. g3 Qg4 19. Bb4 Bb7 20. Ne5 Qh3 21. f3
Rc7 22. Rf2 Nd5 23. Rc1 Rac8 24. Rxc7 Rxc7 25. Bxa5 bxa5 26. Nc4 Qh6 27. Qd2
Qxd2 28. Rxd2 a4 29. Kf2 Nc3 30. Nd6 Bd5 31. Ne4 Nxe4+ 32. fxe4 Bb3 33. Ke3 Rc3
34. d5 e5 35. Ke2 Kf8 36. Rb2 Ke7 37. Kd2 Rc5 38. Rb1 f5 39. exf5 Rxd5 40. Ke3
Rc5 41. g4 h6 42. h4 Rc8 43. Rg1 Bf7 44. g5 hxg5 45. hxg5 Rc3 46. Kd2 Rxa3 47.
Rc1 Bd5 48. Rc7+ Kd6 49. Rxg7 e4 50. Bxe4 Bxe4 51. f6 Rg3 52. Rxa7 Rxg5 53.
Rxa4 Bd5 54. Rf4 Bf7 55. b6 Rb5 56. Re4 Rxb6 57. Re7 Be6 58. Ra7 Rb8 59. Ke3
Ke5 60. f7 Rf8 61. Re7 Kf6 62. Ra7 Bxf7 63. Kf4 Rh8 64. Ra6+ Be6 65. Ke4 Rh4+
66. Kd3 Ke5 67. Kc3 Rh3+ 68. Kb2 Bd5 69. Rg6 Kd4 70. Rg4+ Be4 71. Rg7 Rh2+ 72.
Kb3 Bd5+ 73. Ka3 Bc4 74. Rg4+ Kc3 75. Rg3+ Bd3 76. Rg7 Rh8 77. Rg4 Rh1 78. Rg2
Rb1 79. Rh2 Rb5 80. Rh4 Bf5 81. Rf4 Re5 82. Rf3+ Bd3 83. Rf4 Be4 0-1

[Event "Int. Championship of Central Serbia - OP"]
[Site "Paracin"]
[Date "2011.07.08"]
[Round "1.12"]
[White "Doric, Darko"]
[Black "Milovanovic, Srboljub"]
[Result "1-0"]
[WhiteElo "2491"]
[BlackElo "2196"]
[PlyCount "103"]
[EventDate "2011.07.08"]

1. d4 Nf6 2. c4 e6 3. Nc3 Bb4 4. Qc2 O-O 5. a3 Bxc3+ 6. Qxc3 b5 7. cxb5 c6 8.
Bg5 cxb5 9. e3 Bb7 10. f3 a6 11. Bd3 Nd5 12. Bxh7+ Kh8 13. Bxd8 Nxc3 14. Ba5
Na4 15. b3 Kxh7 16. bxa4 bxa4 17. Ne2 Bd5 18. Nf4 Bc4 19. Rc1 d5 20. Rb1 Nc6
21. Bb6 Rfb8 22. Kf2 Rb7 23. Bc5 Rab8 24. Rxb7 Rxb7 25. h4 Rb2+ 26. Kg3 Rb3 27.
Re1 Rb2 28. Kh3 Rd2 29. g4 e5 30. dxe5 Nxe5 31. Kg3 Nd3 32. Nxd3 Bxd3 33. Kf4
f6 34. h5 Rc2 35. Bd4 Rg2 36. Rc1 Bc2 37. Bb6 g5+ 38. hxg6+ Kxg6 39. Bd4 Kf7
40. Rh1 Bg6 41. Rh8 Ra2 42. Ra8 Rxa3 43. Ra7+ Ke8 44. Rxa6 Bd3 45. Rxf6 Rb3 46.
g5 Rb1 47. Rd6 Bc4 48. g6 a3 49. g7 Rg1 50. Rb6 Kf7 51. Rb7+ Ke6 52. Rb8 1-0

[Event "Int. Championship of Central Serbia - OP"]
[Site "Paracin"]
[Date "2011.07.08"]
[Round "1.13"]
[White "Rotoni, Matteo"]
[Black "Petkov, Vladimir"]
[Result "0-1"]
[WhiteElo "2180"]
[BlackElo "2490"]
[PlyCount "46"]
[EventDate "2011.07.08"]

1. e4 e5 2. Nf3 Nc6 3. d4 exd4 4. Nxd4 Nf6 5. Nc3 Bb4 6. Nxc6 bxc6 7. Bd3 d5 8.
exd5 cxd5 9. O-O O-O 10. Bg5 c6 11. Na4 Bd6 12. Re1 Rb8 13. c3 c5 14. Bc2 Bd7
15. Rb1 Re8 16. Rxe8+ Bxe8 17. Bxf6 Qxf6 18. Qxd5 Bc6 19. Qc4 Qg5 20. g3 Re8
21. b4 Qh5 22. Qd3 Re6 23. Nxc5 Qxh2+ 0-1

[Event "Int. Championship of Central Serbia - OP"]
[Site "Paracin"]
[Date "2011.07.08"]
[Round "1.14"]
[White "Farago, Ivan"]
[Black "Nesic, Nebojsa"]
[Result "1-0"]
[WhiteElo "2485"]
[BlackElo "2177"]
[Annotator "Rubinstein,Helena"]
[PlyCount "31"]
[EventDate "2011.07.08"]

1. d4 Nf6 2. c4 g6 3. Nc3 d5 4. Nf3 Bg7 5. Qb3 dxc4 6. Qxc4 O-O 7. e4 Nfd7 8.
Be3 Nb6 9. Qb3 Nc6 10. Rd1 Bg4 11. d5 Ne5 12. Be2 Nxf3+ 13. gxf3 Bh3 14. Rg1
Qc8 15. Rg3 c6 16. f4 {Nesic Nebojsi je pozlilo i predao je partiju.} 1-0

[Event "Int. Championship of Central Serbia - OP"]
[Site "Paracin"]
[Date "2011.07.08"]
[Round "1.15"]
[White "Stefanovic, Vladimir"]
[Black "Lajthajm, Borko"]
[Result "1/2-1/2"]
[WhiteElo "2176"]
[BlackElo "2481"]
[PlyCount "92"]
[EventDate "2011.07.08"]

1. c4 Nf6 2. g3 g6 3. Bg2 Bg7 4. Nc3 O-O 5. Nf3 d6 6. O-O c6 7. d3 Bg4 8. Rb1
Qc8 9. Re1 Nbd7 10. h3 Bxf3 11. Bxf3 a5 12. Bg2 e5 13. a3 Nc5 14. b4 axb4 15.
axb4 Ne6 16. b5 Nd7 17. Bb2 f5 18. e3 Ndc5 19. Ra1 Rxa1 20. Bxa1 f4 21. gxf4
exf4 22. d4 fxe3 23. fxe3 Nd7 24. Ne4 Qc7 25. d5 Nec5 26. Bxg7 Kxg7 27. Qd4+
Kh6 28. dxc6 Nxe4 29. Qxe4 bxc6 30. Qxc6 Qxc6 31. bxc6 Ne5 32. c5 dxc5 33. Rc1
c4 34. Bd5 Rc8 35. Kg2 Kg5 36. Kg3 Kf6 37. Bxc4 Rxc6 38. Rf1+ Kg7 39. Bd5 Rd6
40. e4 Rf6 41. Ra1 Rf3+ 42. Kg2 Re3 43. Ra7+ Kh8 44. Ra8+ Kg7 45. Ra7+ Kh8 46.
Ra8+ Kg7 1/2-1/2

[Event "Int. Championship of Central Serbia - OP"]
[Site "Paracin"]
[Date "2011.07.08"]
[Round "1.16"]
[White "Saric, Sinisa"]
[Black "Jeremic, Milan"]
[Result "1-0"]
[WhiteElo "2472"]
[BlackElo "2172"]
[PlyCount "96"]
[EventDate "2011.07.08"]

1. d4 d5 2. c4 c6 3. Nc3 Nf6 4. e3 g6 5. Nf3 Bg7 6. Bd3 O-O 7. O-O Bg4 8. h3
Bxf3 9. Qxf3 e6 10. Rd1 Nbd7 11. b3 Re8 12. Bf1 Qa5 13. Bd2 Qb6 14. Qe2 Ne4 15.
Nxe4 dxe4 16. b4 f5 17. Rab1 Qc7 18. a4 g5 19. Be1 Kh8 20. Rbc1 Nf6 21. d5 g4
22. d6 Qf7 23. g3 gxh3 24. Bxh3 Nd7 25. Bg2 Rg8 26. c5 h5 27. b5 h4 28. bxc6
bxc6 29. f3 exf3 30. Qxf3 Be5 31. Rc4 Bf6 32. Qf4 Bg5 33. Bc3+ e5 34. Bxe5+ Kh7
35. Qd4 Nxe5 36. Qxe5 Qxc4 37. Qxf5+ Kh8 38. Qe5+ Rg7 39. d7 Qg4 40. Qe8+ Rg8
41. Qe5+ Kh7 42. Be4+ Kh6 43. Rd6+ Kh5 44. Bxc6 Qe2 45. Bxa8 hxg3 46. Qe8+ Kh4
47. Rd4+ Bf4 48. Rxf4+ Rg4 1-0

[Event "Int. Championship of Central Serbia - OP"]
[Site "Paracin"]
[Date "2011.07.08"]
[Round "1.17"]
[White "Petrovic, Marija"]
[Black "Abramovic, Bosko"]
[Result "0-1"]
[WhiteElo "2169"]
[BlackElo "2464"]
[Annotator "Milojevic,Boban"]
[PlyCount "101"]
[EventDate "2011.07.08"]

1. d4 Nf6 2. Nf3 d5 3. c3 Bf5 4. Qb3 Qc8 5. Bf4 e6 6. e3 Bd6 7. Bxd6 cxd6 8.
Nbd2 O-O 9. Nh4 Be4 10. f3 Bg6 11. Nxg6 hxg6 12. Bd3 Nc6 13. O-O Qc7 14. e4 e5
15. exd5 Na5 16. Qa4 Nxd5 17. Rf2 Nc6 18. Be4 Nb6 19. Qc2 exd4 20. cxd4 d5 21.
Bd3 Qf4 22. Nb3 Nxd4 23. Nxd4 Qxd4 24. Rd1 Rac8 25. Qb3 Qc5 26. Qb5 Qxb5 27.
Bxb5 Rc5 28. Bf1 Rfc8 29. Rfd2 Kf8 30. Kf2 Ke7 31. b3 Rc1 32. Rxc1 Rxc1 33. h4
Kd6 34. f4 Nd7 35. Bd3 Nc5 36. Bc2 a5 37. Ke3 Ra1 38. a4 Rh1 39. Bd1 Ne4 40.
Rd3 Re1+ 41. Kf3 f5 42. Be2 Rh1 43. Rd1 Rxh4 44. Bc4 Nf6 45. Bf1 Rh8 46. b4
axb4 47. Rb1 Kc5 48. Rc1+ Kd4 49. Rc7 Rd8 50. Ke2 Ne4 51. Kd1 {...necitko} 0-1

[Event "Int. Championship of Central Serbia - OP"]
[Site "Paracin"]
[Date "2011.07.08"]
[Round "1.19"]
[White "Mladenovic, Stefan"]
[Black "Zlatanovic, Boroljub"]
[Result "0-1"]
[WhiteElo "2161"]
[BlackElo "2433"]
[PlyCount "78"]
[EventDate "2011.07.08"]

1. d4 g6 2. Nf3 Bg7 3. Bf4 d6 4. h3 Nd7 5. e3 e5 6. Bh2 Nh6 7. Be2 O-O 8. O-O
f6 9. c4 Nf7 10. Nc3 b6 11. Rc1 Bb7 12. b4 c6 13. Qb3 c5 14. Rfd1 cxd4 15. exd4
e4 16. Ne1 Bh6 17. Rb1 f5 18. c5 f4 19. cxd6 Kh8 20. Nb5 f3 21. Bc4 e3 22. Bd5
exf2+ 23. Kxf2 Bxd5 24. Qxd5 Qh4+ 25. Bg3 Be3+ 26. Kxe3 Qxg3 27. Nxf3 Rae8+ 28.
Kd3 Qxg2 29. Rd2 Qxh3 30. Kc2 Nf6 31. Qc6 Nd8 32. Qc3 Ne4 33. Qa1 Rxf3 34. Rh1
Qf5 35. d5+ Nf6+ 36. Kb2 Rf2 37. Qd1 Rxd2+ 38. Qxd2 Qxd5 39. Qf4 Re2+ 0-1

[Event "Int. Championship of Central Serbia - OP"]
[Site "Paracin"]
[Date "2011.07.08"]
[Round "1.20"]
[White "Nestorovic, Lazar"]
[Black "Savic, Dragan"]
[Result "1-0"]
[WhiteElo "2428"]
[BlackElo "2160"]
[PlyCount "83"]
[EventDate "2011.07.08"]

1. e4 e6 2. d4 d5 3. Nc3 Bb4 4. e5 c5 5. a3 Bxc3+ 6. bxc3 Ne7 7. Qg4 Qc7 8.
Qxg7 Rg8 9. Qxh7 cxd4 10. Ne2 Nbc6 11. f4 Bd7 12. Qd3 dxc3 13. Qxc3 Rc8 14. Ng3
Qb6 15. Bd3 Nf5 16. Nxf5 exf5 17. Qb2 Qxb2 18. Bxb2 Rxg2 19. O-O-O Na5 20. Rdg1
Nb3+ 21. Kb1 Nd2+ 22. Ka2 Rxg1 23. Rxg1 Ke7 24. h4 Ke6 25. h5 Rh8 26. Bxf5+
Kxf5 27. e6 f6 28. exd7 Ne4 29. h6 Nc5 30. Rg7 Ke6 31. f5+ Kxf5 32. h7 Ne6 33.
Rf7 d4 34. Re7 Nd8 35. Re8 Rxh7 36. Rxd8 Ke6 37. Bxd4 b6 38. Bxf6 Rxd7 39. Rxd7
Kxd7 40. Kb3 Kc6 41. Kc4 Kb7 42. Kd5 1-0

[Event "Int. Championship of Central Serbia - OP"]
[Site "Paracin"]
[Date "2011.07.08"]
[Round "1.21"]
[White "Colovic, Zoran"]
[Black "Radlovacki, Jovan"]
[Result "0-1"]
[WhiteElo "2154"]
[BlackElo "2417"]
[PlyCount "90"]
[EventDate "2011.07.08"]

1. e4 c6 2. d4 d5 3. e5 Bf5 4. Nf3 e6 5. Be2 Nd7 6. O-O a6 7. c3 c5 8. Nbd2 Bg4
9. h3 Bh5 10. Nb3 Rc8 11. Bg5 Be7 12. Be3 Bg6 13. Nxc5 Nxc5 14. dxc5 Bxc5 15.
Nd4 Ne7 16. b4 Bb6 17. Rc1 O-O 18. Qd2 Rc7 19. Bg5 Qb8 20. h4 h6 21. Bf4 Rfc8
22. h5 Be4 23. g4 Rd7 24. Qe3 Nc6 25. g5 hxg5 26. Bg3 Nxd4 27. cxd4 Rxc1 28.
Rxc1 Qd8 29. a4 Rc7 30. Rf1 Rc2 31. a5 Bxd4 32. Qxd4 Rxe2 33. f3 Bf5 34. Rc1 g4
35. fxg4 Be4 36. Kf1 Rg2 37. Qe3 Qd7 38. Rc5 Qa4 39. h6 Qd1+ 40. Be1 gxh6 41.
Rc1 Qxg4 42. Bf2 Rh2 43. Ke1 Rh3 44. Qb6 Bd3 45. Rc8+ Kh7 0-1

[Event "Int. Championship of Central Serbia - OP"]
[Site "Paracin"]
[Date "2011.07.08"]
[Round "1.22"]
[White "Nikolov, Sasho"]
[Black "Marjanovic, Dejan"]
[Result "0-1"]
[WhiteElo "2412"]
[BlackElo "2153"]
[PlyCount "98"]
[EventDate "2011.07.08"]

1. e4 c5 2. Nf3 d6 3. d4 cxd4 4. Nxd4 Nf6 5. Nc3 a6 6. Bd3 g6 7. f4 Bg7 8. Nf3
O-O 9. O-O Nc6 10. Qe1 Nb4 11. e5 Nxd3 12. cxd3 dxe5 13. fxe5 Nd5 14. Qh4 Nxc3
15. bxc3 Qxd3 16. Ba3 h6 17. Bxe7 Re8 18. Bf6 Bf8 19. Bg5 h5 20. Nd4 Qxc3 21.
Rac1 Qa5 22. Qf2 Qd5 23. Rc7 Bd7 24. e6 Bxe6 25. Nxe6 Qxe6 26. Qxf7+ Qxf7 27.
Rfxf7 Bc5+ 28. Kf1 Rf8 29. Rxf8+ Rxf8+ 30. Ke1 b6 31. Bd2 Re8+ 32. Kd1 Re4 33.
Bc3 Kf8 34. Rc6 Rg4 35. g3 Bg1 36. Be5 Bxh2 37. Rxb6 Bxg3 38. Bxg3 Rxg3 39.
Rxa6 h4 40. Ke2 h3 41. Ra8+ Kg7 42. Ra7+ Kh6 43. Ra8 Kg5 44. Ra5+ Kh4 45. Ra4+
Kh5 46. Ra8 g5 47. Kf2 Kh4 48. Kf1 Rf3+ 49. Ke2 Kg3 0-1

[Event "Int. Championship of Central Serbia - OP"]
[Site "Paracin"]
[Date "2011.07.08"]
[Round "1.23"]
[White "Tonic, Milos"]
[Black "Pancevski, Filip"]
[Result "0-1"]
[WhiteElo "2151"]
[BlackElo "2410"]
[PlyCount "80"]
[EventDate "2011.07.08"]

1. c4 g6 2. Nc3 Bg7 3. Nf3 d6 4. d4 Nf6 5. e4 O-O 6. h3 e5 7. Be2 exd4 8. Nxd4
Re8 9. Qd3 Na6 10. Nb3 Nb4 11. Qb1 a5 12. Be3 a4 13. Nd2 a3 14. bxa3 Na6 15.
O-O Nc5 16. Qc2 Rxa3 17. Bxc5 dxc5 18. Nb3 Qe7 19. Rad1 Ra8 20. Bd3 c6 21. f4
Nh5 22. Ne2 g5 23. g4 Nxf4 24. Nxf4 gxf4 25. Rxf4 Be5 26. Rf3 Be6 27. Rdf1 Red8
28. Qf2 Rxd3 29. Rxd3 Bxc4 30. Rd2 Bxf1 31. Kxf1 c4 32. Nc1 b5 33. Qf5 Qf6 34.
Qxf6 Bxf6 35. Ne2 Be5 36. Ng1 Ra3 37. Kg2 b4 38. Nf3 Bf4 39. Rc2 b3 40. axb3
cxb3 0-1

[Event "Int. Championship of Central Serbia - OP"]
[Site "Paracin"]
[Date "2011.07.08"]
[Round "1.25"]
[White "Ratkovic, Milovan"]
[Black "Milenkovic, Mladen"]
[Result "0-1"]
[WhiteElo "2146"]
[BlackElo "2405"]
[PlyCount "40"]
[EventDate "2011.07.08"]

1. d4 Nf6 2. Nf3 c5 3. c4 e6 4. d5 exd5 5. cxd5 b5 6. d6 Bb7 7. Nc3 Qa5 8. Qd3
b4 9. Nb5 Na6 10. Bg5 Ne4 11. Bf4 b3+ 12. Bd2 Nxd2 13. Nxd2 bxa2 14. Qb3 Bc6
15. e4 Qb6 16. Rxa2 Bxb5 17. Bxb5 Nb4 18. Bxd7+ Kxd7 19. Qxf7+ Kd8 20. Nc4 Qc6
0-1

[Event "Int. Championship of Central Serbia - OP"]
[Site "Paracin"]
[Date "2011.07.08"]
[Round "1.26"]
[White "Nestorovic, Dejan"]
[Black "Antic, Dragan"]
[Result "1-0"]
[WhiteElo "2404"]
[BlackElo "2144"]
[PlyCount "93"]
[EventDate "2011.07.08"]

1. d4 d5 2. c4 c6 3. Nf3 Nf6 4. e3 e6 5. Nbd2 Nbd7 6. Bd3 Bd6 7. O-O O-O 8. e4
dxe4 9. Nxe4 Nxe4 10. Bxe4 h6 11. Bc2 Re8 12. Qd3 Nf8 13. Be3 Qf6 14. Rfe1 Bd7
15. c5 Bc7 16. Bd2 Rad8 17. Bc3 Qf5 18. Qd2 Qf4 19. Qe2 Bc8 20. Ne5 Bxe5 21.
dxe5 Rd5 22. b4 Red8 23. Be4 R5d7 24. g3 Qg5 25. h4 Qe7 26. Qe3 Qe8 27. h5 Nh7
28. f4 Qe7 29. Bc2 f5 30. exf6 Nxf6 31. Qxe6+ Qxe6 32. Rxe6 Nxh5 33. Re3 Nf6
34. Bxf6 gxf6 35. Rae1 Kf8 36. Bg6 Kg7 37. f5 h5 38. Re7+ Kh6 39. Rxd7 Bxd7 40.
Rd1 Kg5 41. Kf2 h4 42. gxh4+ Kxh4 43. Rd6 Kg5 44. Kg3 b6 45. b5 Rc8 46. Rxd7
cxb5 47. Rh7 1-0

[Event "Int. Championship of Central Serbia - OP"]
[Site "Paracin"]
[Date "2011.07.08"]
[Round "1.27"]
[White "Draskovic, Luka"]
[Black "Ardeleanu, Alin"]
[Result "1/2-1/2"]
[WhiteElo "2135"]
[BlackElo "2394"]
[PlyCount "133"]
[EventDate "2011.07.08"]

1. e4 c5 2. Nf3 a6 3. c3 g6 4. d4 cxd4 5. cxd4 d5 6. exd5 Nf6 7. Nc3 Bg7 8. Bg5
O-O 9. Bxf6 Bxf6 10. Be2 Nd7 11. O-O b5 12. Qb3 Rb8 13. Rfe1 Bb7 14. Rad1 Nb6
15. Ne5 Nxd5 16. Ne4 Nf4 17. Bf3 Bxe5 18. dxe5 Qb6 19. Rd7 Ne6 20. Rxe7 Bxe4
21. Bxe4 Qc5 22. Rb7 Qxe5 23. Rxb8 Rxb8 24. Qg3 Nf4 25. Qc3 Qxc3 26. bxc3 Rd8
27. g3 Ne6 28. Re2 Nc5 29. Bc2 Kf8 30. Kf1 h6 31. Ke1 Nd3+ 32. Bxd3 Rxd3 33.
Rc2 Rd5 34. Ke2 Rc5 35. Kd3 Rc4 36. Re2 Ra4 37. h3 Kg7 38. f4 Kf6 39. Rf2 h5
40. g4 h4 41. Ke3 Ke6 42. Rd2 Ra3 43. Kd4 Ra4+ 44. Ke3 f5 45. gxf5+ gxf5 46.
Rg2 Kd5 47. Rg5 Kc4 48. Rxf5 Rxa2 49. Rf8 Kxc3 50. Rc8+ Kb2 51. f5 Ra1 52. Ke2
Ra4 53. Kf3 Rc4 54. Rxc4 bxc4 55. f6 c3 56. f7 c2 57. f8=Q c1=Q 58. Qb4+ Ka2
59. Kg4 Qa3 60. Qd2+ Kb1 61. Qd1+ Kb2 62. Qd2+ Kb3 63. Qd3+ Kb4 64. Qd6+ Kb3
65. Qd3+ Kb2 66. Qd2+ Kb1 67. Qd1+ 1/2-1/2

[Event "Int. Championship of Central Serbia - OP"]
[Site "Paracin"]
[Date "2011.07.08"]
[Round "1.28"]
[White "Indjic, Aleksandar"]
[Black "Jovanovic, Miroslav O"]
[Result "1-0"]
[WhiteElo "2373"]
[BlackElo "2135"]
[PlyCount "77"]
[EventDate "2011.07.08"]

1. d4 Nf6 2. c4 g6 3. Nc3 Bg7 4. e4 d6 5. Be2 Nbd7 6. Nf3 c5 7. O-O O-O 8. h3
a6 9. Be3 cxd4 10. Bxd4 b6 11. Qc2 Bb7 12. Rad1 Qc7 13. Rfe1 e6 14. Bf1 Rfd8
15. e5 dxe5 16. Nxe5 Rac8 17. Qe2 Nxe5 18. Bxe5 Qc6 19. Rd2 Nh5 20. Red1 Rxd2
21. Rxd2 Bf8 22. Qe3 Ng7 23. Qg5 Nf5 24. Qf6 Bg7 25. Rd8+ Rxd8 26. Qxd8+ Bf8
27. b4 a5 28. a3 h5 29. f3 axb4 30. Ne4 f6 31. Nxf6+ Kf7 32. axb4 Bg7 33. Nh7
g5 34. Nxg5+ Kg6 35. Bxg7 Nxg7 36. Ne4 Qa4 37. Qf6+ Kh7 38. Ng5+ Kg8 39. Qf7+
1-0

[Event "Int. Championship of Central Serbia - OP"]
[Site "Paracin"]
[Date "2011.07.08"]
[Round "1.29"]
[White "Ratkovic, Miloje"]
[Black "Andrijevic, Milan"]
[Result "0-1"]
[WhiteElo "2132"]
[BlackElo "2365"]
[PlyCount "62"]
[EventDate "2011.07.08"]

1. d4 d5 2. Nf3 Nf6 3. c4 e6 4. Nc3 c5 5. cxd5 Nxd5 6. Nxd5 exd5 7. e3 Nc6 8.
Be2 cxd4 9. Nxd4 Bc5 10. Nxc6 bxc6 11. O-O O-O 12. Qc2 Qe7 13. Bd2 Bd7 14. Bf3
Rac8 15. Rac1 Bb6 16. a4 a5 17. Qd3 Be6 18. e4 d4 19. Qa6 Qd8 20. e5 c5 21.
Rfe1 c4 22. Be4 d3 23. b3 cxb3 24. Bxd3 Ra8 25. Qb5 Rb8 26. Qa6 Qh4 27. g3
Bxf2+ 28. Kxf2 Qxh2+ 29. Ke3 Qxg3+ 30. Kd4 Rfd8+ 31. Kc3 Rxd3+ 0-1

[Event "Int. Championship of Central Serbia - OP"]
[Site "Paracin"]
[Date "2011.07.08"]
[Round "1.30"]
[White "Pantelic, Sasa"]
[Black "Gajovic, Dragan"]
[Result "0-1"]
[WhiteElo "2364"]
[BlackElo "2121"]
[PlyCount "64"]
[EventDate "2011.07.08"]

1. d4 d6 2. c4 e5 3. Nf3 e4 4. Ng5 Nf6 5. Nc3 Bf5 6. Qc2 h6 7. Ngxe4 Nxe4 8.
Nxe4 d5 9. Nd6+ Bxd6 10. Qxf5 Bb4+ 11. Bd2 Bxd2+ 12. Kxd2 O-O 13. e3 c5 14. Bd3
g6 15. Qxd5 Qf6 16. Ke2 Nc6 17. Qxc5 Rfe8 18. Rhd1 Qh4 19. Qd6 Rad8 20. Qg3
Qxd4 21. b3 Qb2+ 22. Kf1 Rxd3 23. Rdb1 Qf6 24. Qf3 Qe5 25. g3 Re6 26. Qf4 Qh5
27. g4 Qa5 28. Rd1 Red6 29. Rxd3 Rxd3 30. Qxh6 Qe5 31. Re1 Rd2 32. a3 Qe4 0-1

[Event "Int. Championship of Central Serbia - OP"]
[Site "Paracin"]
[Date "2011.07.08"]
[Round "1.31"]
[White "Zekaj, Dritan"]
[Black "Pezelj, Novak"]
[Result "0-1"]
[WhiteElo "2120"]
[BlackElo "2364"]
[PlyCount "72"]
[EventDate "2011.07.08"]

1. e4 c5 2. Nc3 e6 3. f4 Ne7 4. Nf3 d5 5. Bb5+ Bd7 6. Bxd7+ Nxd7 7. O-O dxe4 8.
Nxe4 Nf5 9. d3 Nf6 10. Bd2 c4 11. Ne5 Nxe4 12. dxe4 Qd4+ 13. Kh1 Qxe4 14. Re1
Qd5 15. Bc3 Qxd1 16. Raxd1 Bd6 17. g4 Bxe5 18. Bxe5 Ne7 19. f5 f6 20. Bxf6 gxf6
21. Rxe6 Rd8 22. Rde1 Rd7 23. Rxf6 Kd8 24. Rfe6 Rg8 25. h3 Nc6 26. c3 Rd3 27.
R1e4 Rxh3+ 28. Kg2 Rd3 29. f6 Kd7 30. f7 Rf8 31. Rf6 Rd6 32. Rff4 Nd8 33. Rxc4
Rxf7 34. Kg3 Rd3+ 35. Kh4 Rxf4 36. Rxf4 Rd2 0-1